000 00619nam a2200241 4500
003 OSt
005 20180116183022.0
008 151123b xxu||||| |||| 00| 0 eng d
020 _a9781446267318
022 _a9781446267318
040 _c0
050 _a658.3
082 _a658.3
100 _aHarzing,Anne-Wil.
245 _aInternational Human Resource Management.
_cAnne-Wil Harzing & Ashly H.Pinnington.
250 _a4th.
260 _aNew Delhi.
_bSAGE.
_c2015.
300 _a540p.
500 _aPaper Cover
600 _aHarzing,Anne-Wil.
700 _aHarzing,Anne-Wil.
942 _2ddc
_cBK
_k658.3
999 _c350619
_d350619